| 000 | 00368nam a2200157 a 4500 | ||
|---|---|---|---|
| 008 | 190529s2009|||| d | ||
| 100 | 1 | _aMinns Sue | |
| 245 | 1 | 0 | _aCo jsou to spríznené duše |
| 260 |
_bEugenika _aBratislava _c2009 |
||
| 041 | _acze | ||
| 044 |
_axo _cSK |
||
| 020 |
_a9788081001154 _c0 |
||
| 958 | _aA | ||
| 250 | _a1.vydanie | ||
| 300 | _a199 s. | ||
| 999 |
_c20760 _d20760 |
||